Sustainability and Environmental Impact of Renewable Energy Sources : (Record no. 611363)

MARC details
000 -LEADER
fixed length control field 00563nam a2200193 a 4500
001 - CONTROL NUMBER
control field 1770713644263
003 - CONTROL NUMBER IDENTIFIER
control field YourLibrary
005 - DATE AND TIME OF LATEST TRANSACTION
control field 20260210142827.0
008 - FIXED-LENGTH DATA ELEMENTS--GENERAL INFORMATION
fixed length control field 260210s2003##################000#0#eng##
020 ## - INTERNATIONAL STANDARD BOOK NUMBER
International Standard Book Number 9780854042906
082 04 - DEWEY DECIMAL CLASSIFICATION NUMBER
Classification number 333.794
Item number HES
040 ## - CATALOGING SOURCE
Original cataloging agency YourLibrary
Language of cataloging eng
Transcribing agency YourLibrary
100 1# - MAIN ENTRY--PERSONAL NAME
Personal name Hester, Ronald E.,
Relator term author.
245 10 - TITLE STATEMENT
Title Sustainability and Environmental Impact of Renewable Energy Sources :
260 ## - PUBLICATION, DISTRIBUTION, ETC.
Name of publisher, distributor, etc. Royal Society of Chemistry,
Date of publication, distribution, etc. 2003.
300 ## - PHYSICAL DESCRIPTION
Extent 157 pages
650 #0 - SUBJECT ADDED ENTRY--TOPICAL TERM
Topical term or geographic name entry element Business & Economics.
942 ## - ADDED ENTRY ELEMENTS (KOHA)
Koha item type English Books
Holdings
Withdrawn status Lost status Damaged status Not for loan Home library Current library Shelving location Date acquired Total Checkouts Full call number Barcode Date last seen Price effective from Koha item type
        Anna Centenary Library Anna Centenary Library 4TH FLOOR, A WING 10.02.2026   333.794 HES 287320 10.02.2026 10.02.2026 English Books

Find us on the map